| 000 | 01487cim a2200421 i 4500 | ||
|---|---|---|---|
| 001 | 19739674 | ||
| 003 | ARRUPE | ||
| 005 | 20220421093252.0 | ||
| 008 | 170620s2015 miunnn| z | eng d | ||
| 010 | _a 2017625601 | ||
| 020 | _a1480574724 | ||
| 020 | _a9781480574724 | ||
| 020 |
_a1480574732 _q(library edition) |
||
| 020 | _a9781480574731 | ||
| 020 | _a1480574767 | ||
| 020 | _a9781480574762 | ||
| 035 | _a(OCoLC)ocn952577940 | ||
| 040 |
_aNLGGC _beng _erda _cNLGGC _dOCLCO _dOCLCF _dOCLCO _dOCLCQ _dDLC |
||
| 041 | 0 | _deng | |
| 042 | _alccopycat | ||
| 050 | 0 | 0 | _aHD6331.F58 2015 |
| 100 | 1 |
_aFord, Martin _q(Martin R.) _951367 |
|
| 245 | 1 | 0 |
_aRise of the robots : _btechnology and the threat of a jobless future / _cMartin Ford. |
| 260 |
_aNew York _bBasic Books _c2015 |
||
| 300 |
_axviii, 334p. ; _c22cm. |
||
| 306 | _a102300 | ||
| 650 | 0 |
_aLabor supply _xEffect of automation on. _951368 |
|
| 650 | 0 |
_aLabor supply _xEffect of technological innovations on. _951369 |
|
| 650 | 0 |
_aEmployment forecasting. _951370 |
|
| 650 | 0 |
_aTechnological innovations _xEconomic aspects. _918279 |
|
| 650 | 7 |
_aEmployment forecasting. _2fast _951370 |
|
| 650 | 7 |
_aLabor supply _xEffect of automation on. _2fast _951368 |
|
| 650 | 7 |
_aLabor supply _xEffect of technological innovations on. _2fast _951369 |
|
| 700 | 1 |
_aCummings, Jeff. _4nrt _951371 |
|
| 906 |
_a7 _bcbc _ccopycat _d2 _encip _f20 _gy-soundrec |
||
| 942 |
_2lcc _cMONOGRAPH |
||
| 999 |
_c131321 _d131321 |
||